1954 1996 1840 1143 1805 1966 1073 1470 1986 1867 1220 1949 1570 1850 1924 1182 1653 1975 1720 1416 1489 1605 1741 1783 1342 1623 1009 1037 1748 1558 1255 1550 1918 1400 1641 1160 1197 1694 1841 1665 1125 1745 1858 1715 1669 1277 1012 1831 1350 1567 1046 1122 1493 1182 1292 1516 1134 1552 1042 1597 1540 1634 1701 1482 1697 1043 1776 1988 1982 1603 1016 1692 1380 1142 1511 1134 1614 1602 1234 1367 1132 1674 1576 1177 1831 1833 1901 1999 1768 1705 1880 1328 1607 1809 1014 1772 1586 1055 1107 BCNSPRNW ULIB Ver.6.0+V

เปลี่ยนเป็นภาษาไทย

Change to English
 แสดงรายละเอียดบรรณานุกรม
  กลับหน้าหลัก

Brief Record : Get Marc (ISO 2709) : E-mail record : QR code < ปิดหน้าต่าง
LEADER : 00000nam 2200000uu 4500
001    13399123027
003     ULIB
008    020711s2539 th a 000 0 tha d
020    9748970825
099    นว.^bถ321ม
100    ถ่ายเถา สุจริตกุล
245    มงกุฎดอกส้ม /^cถ่ายเถา สุจริตกุล
250    พิมพ์ครั้งที่ 3
260    กรุงเทพฯ :^bวัลยา,^c2539
300    196 หน้า
945    ^p196^l0^i013052
รายการนี้ยังไม่มีแท็ก
คุณยังไม่ได้ล็อกอิน คุณสามารถมีกิจกรรมร่วมกับเว็บไซต์ได้ แต่ต้องล็อกอินก่อน ::
  ล็อกอิน

รายการสื่อสารสนเทศ

ลำดับที่ ประเภท เลขเรียก/บาร์โค้ด สถานที่ สถานะ
1. นวนิยาย
นวนิยาย
นว. ถ321ม ฉ.1 
  Barcode: 013052
ห้องสมุดวิทยาเขตสวรรค์ประชารักษ์
►นวนิยาย
บนชั้น
  ขอยืม

BibComment


ยังไม่เคยถูกคอมเมนท์

คอมเมนท์ทรัพยากรรายการนี้
  คอมเมนท์: มงกุฎดอกส้ม ถ่าย..


 Copyright 2026. Bcnsprnw @Library